Statistics for Winter Olympics Hosts Quiz

Click here to take the quiz!

General Stats

  • This quiz has been taken 67,260 times
    (34,158 since last reset)
  • The average score is 10 of 22

Answer Stats

YearsHost% Correct
2014Sochi
79%
2022Beijing
75%
2010Vancouver
75%
1952Oslo
67%
2002Salt Lake City
66%
2006Turin
62%
1988Calgary
50%
2018Pyeongchang
49%
1964, 1976Innsbruck
48%
1994Lillehammer
47%
1932, 1980Lake Placid
46%
2026Milan / Cortina d'Ampezzo
44%
1984Sarajevo
42%
1998Nagano
38%
1972Sapporo
31%
1928, 1948St. Moritz
28%
1992Albertville
27%
1924Chamonix
25%
1968Grenoble
23%
1936Garmisch-Partenkirchen
21%
1956Cortina d'Ampezzo
20%
1960Squaw Valley
18%

Score Distribution

Percentile by Number Answered

Percent of People with Each Score

Your Score History

You have not taken this quiz since the last reset